Viva in physiology (Record no. 6705)

MARC details
000 -LEADER
fixed length control field 00851 a2200217 4500
005 - DATE AND TIME OF LATEST TRANSACTION
control field 20080905111326.0
008 - FIXED-LENGTH DATA ELEMENTS--GENERAL INFORMATION
fixed length control field 080905t xxu||||| |||| 00| 0 eng d
010 ## - LIBRARY OF CONGRESS CONTROL NUMBER
LC control number ENG-87548
020 ## - INTERNATIONAL STANDARD BOOK NUMBER
Terms of availability 175.00
International Standard Book Number 81855502293
035 ## - SYSTEM CONTROL NUMBER
System control number EN-71081
037 ## - SOURCE OF ACQUISITION
Source of stock number/acquisition D.B.Act / Pub
082 ## - DEWEY DECIMAL CLASSIFICATION NUMBER
Classification number 612
100 ## - MAIN ENTRY--PERSONAL NAME
Personal name Bharathi, P.
245 ## - TITLE STATEMENT
Title Viva in physiology
Statement of responsibility, etc by P. Bharathi
Remainder of title with M.C.Qs and discussion
250 ## - EDITION STATEMENT
Edition statement 2nd ed.
260 ## - PUBLICATION, DISTRIBUTION, ETC. (IMPRINT)
Place of publication, distribution, etc Chennai
Name of publisher, distributor, etc All India Publishers & Distributors
Date of publication, distribution, etc 2003
270 ## - ADDRESS
Address 113, Ouunamallee High Road, (Gee Gee Shroff Centre, Opp. H. J. Hospital)
City Chennai
Postal code 600084
Telephone number 8233004
Electronic mail address aipdraj@vsnl.com
Fax number 8204911
300 ## - PHYSICAL DESCRIPTION
Extent 386 p.
Dimensions 22 cm. (Pbk)
942 ## - ADDED ENTRY ELEMENTS (KOHA)
Institution code [OBSOLETE] dpl
Koha item type English Books
Call number prefix 612 / BHA
Source of classification or shelving scheme Dewey Decimal Classification
Classification part 612
Call number suffix BHA
Holdings
Withdrawn status Lost status Damaged status Not for loan Collection code Home library Current library Date acquired Cost, normal purchase price Total Checkouts Full call number Barcode Date last seen Copy number Uniform Resource Identifier Cost, replacement price Price effective from Koha item type
      Not For Loan Non-fiction D.B.Act.Division D.B.Act.Division 05/09/2008 175.00   612 BHA EN-71081 15/09/2008 1 7206 175.00 15/09/2008 English Books

© Delhi Public Library
Hit Counter
free hit counter